000 01385nam a2200349Ia 4500
001 ebr10726792
003 CaPaEBR
006 m o u
007 cr cn|||||||||
008 130402s2013 inua sb 001 0 eng d
010 _z 2013013434
020 _z9781937554835 (alk. paper)
020 _z9781937554842 (epub)
020 _z9781937554859 (PDF)
020 _z9781937554866 (ebook)
040 _aCaPaEBR
_cCaPaEBR
035 _a(OCoLC)851697685
050 1 4 _aRA971
_b.R63 2013eb
082 0 4 _a362.1068/3
_223
100 1 _aRobinson-Walker, Catherine,
_d1946-
245 1 0 _aLeading valiantly in healthcare
_h[electronic resource] :
_bfour steps to sustainable success /
_cCatherine Robinson-Walker.
260 _aIndianapolis, IN :
_bSigma Theta Tau International,
_cc2013.
300 _axxxix, 296 p. :
_bill.
504 _aIncludes bibliographical references and index.
533 _aElectronic reproduction.
_bPalo Alto, Calif. :
_cebrary,
_d2013.
_nAvailable via World Wide Web.
_nAccess may be limited to ebrary affiliated libraries.
650 0 _aHealth services administration.
650 0 _aLeadership.
655 7 _aElectronic books.
_2local
710 2 _aebrary, Inc.
710 2 _aSigma Theta Tau International.
856 4 0 _uhttp://site.ebrary.com/lib/rucke/Doc?id=10726792
_zAn electronic book accessible through the World Wide Web; click to view
999 _c38955
_d38955